<?xml version="1.0" encoding="UTF-8"?>
<collection xmlns="http://www.loc.gov/MARC21/slim">
 <record>
  <leader>00668pamaa2200181   4500</leader>
  <controlfield tag="001">0000018457</controlfield>
  <controlfield tag="005">20060515090000.0</controlfield>
  <datafield tag="020" ind1="0" ind2="0">
   <subfield code="a">1557385270 </subfield>
  </datafield>
  <datafield tag="082" ind1=" " ind2=" ">
   <subfield code="a">332.63222 PIS 1994</subfield>
  </datafield>
  <datafield tag="090" ind1="0" ind2="0">
   <subfield code="a">HG4521 </subfield>
   <subfield code="b">PIS 1994</subfield>
  </datafield>
  <datafield tag="100" ind1="1" ind2="0">
   <subfield code="a">PISTOLESE </subfield>
  </datafield>
  <datafield tag="245" ind1="1" ind2="0">
   <subfield code="a">Using technical analysis : </subfield>
   <subfield code="b">a step-by-step guide to understanding and applying stock market charting techniques  </subfield>
   <subfield code="c">Clifford Pistolese.</subfield>
  </datafield>
  <datafield tag="250" ind1="0" ind2="0">
   <subfield code="a">Revised edition.</subfield>
  </datafield>
  <datafield tag="260" ind1="0" ind2="0">
   <subfield code="a">New York: </subfield>
   <subfield code="b">McGraw Hill, </subfield>
   <subfield code="c">c1994.</subfield>
  </datafield>
  <datafield tag="300" ind1=" " ind2=" ">
   <subfield code="a">xi, 252p.: </subfield>
   <subfield code="b">ill.; </subfield>
   <subfield code="c">23cm.</subfield>
  </datafield>
  <datafield tag="504" ind1="0" ind2="0">
   <subfield code="a">Includes bibliographical references (p. 245) and index</subfield>
  </datafield>
  <datafield tag="650" ind1="0" ind2="0">
   <subfield code="a">Stocks -- </subfield>
   <subfield code="x">Prices -- </subfield>
   <subfield code="x">Charts, diagrams, etc </subfield>
  </datafield>
  <datafield tag="740" ind1="0" ind2="0">
   <subfield code="a">Technical analysis/Clifford Pistolese</subfield>
  </datafield>
 </record>
</collection>
